| 000 | 00739nam a2200205 i 4500 | ||
|---|---|---|---|
| 001 | 156429 | ||
| 003 | ES-MaACL | ||
| 005 | 20230906210415.0 | ||
| 008 | 050907s1882 xxkb | |||||||| ||eng d | ||
| 040 |
_aCAM _bspa _cCAM |
||
| 245 | 0 | 4 |
_aThe chronicle of Joshua the Stylite composed in syriac A.D. 507 / _cwith a translation into english and notes by W. Wright. |
| 260 |
_aOxford : _bSyndics of the University Press, _c1882 ( _fUniversity Press) |
||
| 300 |
_aX, 84, 92 p., [2] h. pleg. de mapas ; _c22 cm. |
||
| 597 | _aLas 92 p. escritas en siriaco. | ||
| 651 | 4 |
_aSiria- _xHistoria. _9162366 |
|
| 651 | 4 |
_aIraq- _xHistoria. _9162367 |
|
| 700 | 0 |
_aWright, W. _9117424 |
|
| 852 |
_aES-MaACL _jC-841 _z-- Enc. tela |
||
| 999 |
_c156429 _d156429 |
||